<?xml version="1.0" encoding="UTF-8"?>
<collection xmlns="http://www.loc.gov/MARC21/slim">
 <record>
  <leader>02400nam a2200313 a 4500</leader>
  <controlfield tag="001">1/55361</controlfield>
  <controlfield tag="008">220923s2012    gr       b    000 | gre d</controlfield>
  <datafield tag="020" ind1=" " ind2=" ">
   <subfield code="a">9789605460822</subfield>
  </datafield>
  <datafield tag="040" ind1=" " ind2=" ">
   <subfield code="a">GR-PeUP</subfield>
  </datafield>
  <datafield tag="082" ind1="0" ind2="0">
   <subfield code="a">370.117 ΔΙΑ</subfield>
  </datafield>
  <datafield tag="100" ind1="1" ind2=" ">
   <subfield code="a">Banks, James A.</subfield>
  </datafield>
  <datafield tag="245" ind1="0" ind2="0">
   <subfield code="a">Διαφορετικότητα και εκπαίδευση στην ιδιότητα του πολίτη : </subfield>
   <subfield code="b">παγκόσμια προοπτική /</subfield>
   <subfield code="c">James A. Banks ; επιστημονική επιμέλεια Νεκταρία Παλαιολόγου ; μετάφραση Βίκυ Αναστασιάδου...[κ.ά.].</subfield>
  </datafield>
  <datafield tag="260" ind1=" " ind2=" ">
   <subfield code="a">Αθήνα : </subfield>
   <subfield code="b">Πεδίο,</subfield>
   <subfield code="c">2012.</subfield>
  </datafield>
  <datafield tag="300" ind1=" " ind2=" ">
   <subfield code="a">683 σ. ;</subfield>
   <subfield code="c">25 εκ.</subfield>
  </datafield>
  <datafield tag="490" ind1="1" ind2=" ">
   <subfield code="a">Πολυπολιτισμικότητα και εκπαίδευση ;</subfield>
  </datafield>
  <datafield tag="500" ind1=" " ind2=" ">
   <subfield code="a">Τίτλος πρωτοτύπου: Diversity and citizenship education: global perspectives.</subfield>
  </datafield>
  <datafield tag="500" ind1=" " ind2=" ">
   <subfield code="a">&quot;Τα θέματα τα οποία αναπτύσσονται στο βιβλίο προέκυψαν από τις ανακοινώσεις στο Συνέδριο του Μπελάτζιο στην Ιταλία, που έλαβε χώρα στις 17-21 Ιουνίου του 2002, με τίτλο &quot;Εθνοτική διαφορετικότητα, Εκπαίδευση στην Ιδιότητα του Πολίτη σε Πολυπολιτισμικά Έθνη-Κράτη&quot; (Ethnic Diversity and Citizenship Education in Multicultural Nation-States), ..&quot; -- σ. [13].</subfield>
  </datafield>
  <datafield tag="504" ind1=" " ind2=" ">
   <subfield code="a">Βιβλιογραφία: σ. [681] - 683.</subfield>
  </datafield>
  <datafield tag="650" ind1=" " ind2="0">
   <subfield code="a">Multicultural education</subfield>
   <subfield code="x">Intercultural studies.</subfield>
  </datafield>
  <datafield tag="650" ind1=" " ind2="0">
   <subfield code="a">Citizenship</subfield>
   <subfield code="x">Study and teaching</subfield>
   <subfield code="x">Cross-cultural studies.</subfield>
  </datafield>
  <datafield tag="650" ind1=" " ind2="4">
   <subfield code="a">Πολυπολιτισμική εκπαίδευση</subfield>
   <subfield code="x">Διαπολιτισμικές μελέτες.</subfield>
  </datafield>
  <datafield tag="650" ind1=" " ind2="4">
   <subfield code="a">Ιθαγένεια</subfield>
   <subfield code="x">Σπουδή και διδασκαλία</subfield>
   <subfield code="x">Διαπολιτισμικές μελέτες.</subfield>
  </datafield>
  <datafield tag="700" ind1="1" ind2=" ">
   <subfield code="a">Παλαιολόγου, Νεκταρία.</subfield>
  </datafield>
  <datafield tag="700" ind1="1" ind2=" ">
   <subfield code="a">Αναστασιάδου, Βίκυ.</subfield>
  </datafield>
  <datafield tag="710" ind1="2" ind2=" ">
   <subfield code="a">Bellagio Citizenship Education and Diversity Conference (2002 : Bellagio, Italy).</subfield>
  </datafield>
  <datafield tag="830" ind1="0" ind2="0">
   <subfield code="a">Πολυπολιτισμικότητα και εκπαίδευση.</subfield>
  </datafield>
  <datafield tag="852" ind1=" " ind2=" ">
   <subfield code="a">INST</subfield>
   <subfield code="b">UNIPILB</subfield>
   <subfield code="c">MAIN</subfield>
   <subfield code="e">20220923</subfield>
   <subfield code="h">370.117 BAN ΜΤΦ</subfield>
   <subfield code="p">00188012</subfield>
   <subfield code="q">00188012</subfield>
   <subfield code="t">LOAN</subfield>
   <subfield code="y">0</subfield>
   <subfield code="4">1</subfield>
  </datafield>
  <datafield tag="852" ind1=" " ind2=" ">
   <subfield code="a">INST</subfield>
   <subfield code="b">UNIPILB</subfield>
   <subfield code="c">MAIN</subfield>
   <subfield code="e">20221123</subfield>
   <subfield code="h">370.117 BAN ΜΤΦ</subfield>
   <subfield code="p">00188041</subfield>
   <subfield code="q">00188041</subfield>
   <subfield code="t">LOAN</subfield>
   <subfield code="y">0</subfield>
   <subfield code="4">2</subfield>
  </datafield>
  <datafield tag="960" ind1=" " ind2=" ">
   <subfield code="a">ΑΛΜΠΑΝΗ ΤΑΝΙΑ</subfield>
  </datafield>
 </record>
</collection>
